000 00338nam a2200145Ia 4500
008 221030s9999 xx 000 0 und d
041 _aEnglish
082 _a105.23
100 _aD. R. Choudhary
245 0 _aLinear Integrated Circuits
_cby D. R. Choudhary, S. Jain
260 _c0
650 _aB
700 _aS. Jain
942 _cBK
999 _c10543
_d10543